000 00772nam a2200265Ia 4500
003 OSt
005 20221006161014.0
006 a|||||r|||| 00| 0
007 ta
008 221006b |||||||| |||| 00| 0 eng d
020 _a9781564789167
_c
_14.00 US
024 _a47,096
037 _cTextual
040 _aEASL
_cEASL
_beng
041 _2eng
_aeng
082 _aO495,3N65x, 111Q3
100 _aMOON Jung Young
_9675350
245 0 _aMost ambiguous sunday, and other stories
260 _aChampaign
_bDalkey archive press
_c2013
300 _a294p.
_ccm.
490 _v KEL
700 _a YEWON Jung & others Tr.
_9675683
942 _hO495,3N65x, 111Q3
_cTEXL
_2CC
999 _c1115185
_d1115185